| 000 | 00383cam a22001331 4500 | ||
|---|---|---|---|
| 082 |
_a808.53 _bHOF _cL - 29 P - 112 |
||
| 100 | 1 |
_aHoffman, William George, _945886 |
|
| 245 | 1 | 0 | _aHow to make better speeches. |
| 260 |
_aNew York, _bFunk & Wagnalls Co. _c[1948] |
||
| 300 |
_axii, 266 p. _c21 cm. |
||
| 526 |
_a0 _b0 _c0 _d808_530000000000000_HOF |
||
| 650 | 0 | _aOratory. | |
| 942 |
_2ddc _cBK |
||
| 999 |
_c549300 _d549300 |
||